Fundamentos de la tributación / (Registro nro. 7569)
[ vista simple ]
| 000 -LEADER | |
|---|---|
| fixed length control field | 02573nam a2200277Ia 4500 |
| 003 - CONTROL NUMBER IDENTIFIER | |
| control field | OSt |
| 005 - DATE AND TIME OF LATEST TRANSACTION | |
| control field | 20210408153211.0 |
| 008 - FIXED-LENGTH DATA ELEMENTS--GENERAL INFORMATION | |
| fixed length control field | 210310s2008 ck gr 001 0 spa d |
| 020 ## - INTERNATIONAL STANDARD BOOK NUMBER | |
| International Standard Book Number | 9789583507069 |
| 040 ## - CATALOGING SOURCE | |
| Original cataloging agency | CO-JMCR |
| Transcribing agency | CO-JMCR |
| 041 0# - LANGUAGE CODE | |
| Language code of text/sound track or separate title | spa |
| 082 04 - DEWEY DECIMAL CLASSIFICATION NUMBER | |
| Classification number | 336.209861 / |
| Item number | L925f |
| Edition number | 23 |
| 100 1# - MAIN ENTRY--PERSONAL NAME | |
| Personal name | Lozano Rodríguez, Eleonora, |
| 9 (RLIN) | 14810 |
| Relator term | coordinadora |
| 245 10 - TITLE STATEMENT | |
| Title | Fundamentos de la tributación / |
| Statement of responsibility, etc. | Eleonora Lozano Rodríguez, coordinadora |
| 260 ## - PUBLICATION, DISTRIBUTION, ETC. | |
| Place of publication, distribution, etc. | Bogotá : |
| Name of publisher, distributor, etc. | Universidad de los Andes : Temis, |
| Date of publication, distribution, etc. | 2008 |
| 300 ## - PHYSICAL DESCRIPTION | |
| Other physical details | xxii, 371 páginas ; |
| Dimensions | 23 cm. |
| 500 ## - GENERAL NOTE | |
| General note | Incluye notas a pie de página e índice de autores. |
| 504 ## - BIBLIOGRAPHY, ETC. NOTE | |
| Bibliography, etc. note | Bibliografía al final de cada capítulo. |
| 505 0# - FORMATTED CONTENTS NOTE | |
| Formatted contents note | Historia de las reformas tributarias en Colombia -- Hermenéutica tributaria -- El impuesto sobre la renta y las entidades sin ánimo de lucro (ESAL) en Colombia -- Telecomunicaciones y tributación -- Poder tributario y autonomía fiscal de las entidades territoriales en Colombia -- Contribuciones de valorización -- La retención en la fuente en Colombia como desarrollo del "Principio de eficiencia tributario" -- Algunas reflexiones sobre las pruebas en materia tributaria -- Procedimientos alternativos de prevención y resolución de conflictos tributarios -- Tributación de los conglomerados económicos -- Precios de transferencia -- Aspectos tributarios de los tratados de libre comercio |
| 520 3# - SUMMARY, ETC. | |
| Summary, etc. | En esta obra reconocidos profesores de la Especialización en Tributación de la Universidad de los Andes disertan sobre diversos temas de actualidad y notable interés para quienes desean conocer las nuevas tendencias tributarias en los entornos nacional e internacional. Se discurre sobre la historia de las reformas tributarias en Colombia, las técnicas de interpretación de las normas tributarias, la tributación de algunos entes o sectores en particular (entidades sin animo de lucro, telecomunicaciones, conglomerados económicos y entidades territoriales), las novedades normativas y la jurisprudencia sobre la contribución de valorización, la retención en la fuente como desarrollo del principio de eficiencia constitucional, algunos aspectos de derecho probatorio aplicados a la manera tributaria y, finalmente, las alternativas de procedimiento de prevención y resolución de conflictos tributarios. |
| 650 14 - SUBJECT ADDED ENTRY--TOPICAL TERM | |
| Topical term or geographic name entry element | Impuestos |
| 9 (RLIN) | 14812 |
| General subdivision | Aspectos jurídicos |
| Geographic subdivision | Colombia |
| 650 24 - SUBJECT ADDED ENTRY--TOPICAL TERM | |
| Topical term or geographic name entry element | Reforma tributaria |
| General subdivision | Historia |
| Geographic subdivision | Colombia |
| 9 (RLIN) | 36706 |
| 650 24 - SUBJECT ADDED ENTRY--TOPICAL TERM | |
| Topical term or geographic name entry element | Política fiscal |
| Geographic subdivision | Colombia |
| 9 (RLIN) | 6903 |
| 650 24 - SUBJECT ADDED ENTRY--TOPICAL TERM | |
| Topical term or geographic name entry element | Derecho fiscal |
| Geographic subdivision | Colombia |
| 9 (RLIN) | 8409 |
| 942 ## - ADDED ENTRY ELEMENTS (KOHA) | |
| Source of classification or shelving scheme | Dewey Decimal Classification |
| Koha item type | Books |
| Withdrawn status | Lost status | Source of classification or shelving scheme | Damaged status | Not for loan | Collection code | Home library | Current library | Date acquired | Source of acquisition | Full call number | Barcode | Date last seen | Copy number | Koha item type |
|---|---|---|---|---|---|---|---|---|---|---|---|---|---|---|
| Dewey Decimal Classification | Non-fiction | Biblioteca Pública José María del Castillo y Rada | Biblioteca Pública José María del Castillo y Rada | 04/15/2018 | Donación | 336.209861 / L925f | 430004321 | 05/16/2024 | Ej.1 | Books |